[Event "Køge Bugt Forår 2013"]
[Site "Solrød Skole"]
[Date "2013.04.10"]
[Round "1.2"]
[White "Christensen, Verner"]
[Black "Hald, Morten Hansen"]
[Result "1-0"]
[WhiteElo "1949"]
[BlackElo "1799"]
[PlyCount "31"]
[EventDate "2013.04.10"]
[WhiteTeam "Solrød Skakklub"]
[BlackTeam "Køge Skakklub"]
[WhiteTeamCountry "DEN"]
[BlackTeamCountry "DEN"]

1. e4 e6 2. d4 c5 3. Nf3 Nc6 4. Nc3 cxd4 5. Nxd4 Bc5 6. Ndb5 d6 7. Na4 a6 8.
Nxc5 dxc5 9. Qxd8+ Kxd8 10. Nc3 Nb4 11. Bg5+ f6 12. O-O-O+ Ke7 13. Bf4 Kf7 14.
Bd6 b5 15. Bxc5 Ne7 16. Bxb4 1-0

[Event "Køge Bugt Forår 2013"]
[Site "Solrød Skole"]
[Date "2013.04.10"]
[Round "1.3"]
[White "Bayhan, Erkan"]
[Black "Nielsen, Kai Gylling"]
[Result "0-1"]
[WhiteElo "1757"]
[BlackElo "1833"]
[PlyCount "44"]
[EventDate "2013.04.10"]
[WhiteTeam "Hvidovre Skakklub"]
[BlackTeam "Roskilde Skakklub"]
[WhiteTeamCountry "DEN"]
[BlackTeamCountry "DEN"]

1. Nf3 d5 2. g3 Nf6 3. Bg2 g6 4. O-O Bg7 5. Re1 O-O 6. d3 c5 7. Nbd2 Nc6 8. c3
e5 9. e4 d4 10. cxd4 cxd4 11. Nc4 Re8 12. Qb3 Qe7 13. Bd2 Be6 14. Ng5 Bxc4 15.
Qxc4 h6 16. Nh3 Rac8 17. Qb3 Red8 18. f4 Nd7 19. fxe5 Ndxe5 20. Nf4 Qd6 21. Nd5
Rd7 22. Bh3 Nf3+ 0-1

[Event "Køge Bugt Forår 2013"]
[Site "Solrød Skole"]
[Date "2013.04.10"]
[Round "1.4"]
[White "Nielsen, Steen"]
[Black "Forsmann, Henning"]
[Result "1/2-1/2"]
[WhiteElo "1799"]
[BlackElo "1747"]
[PlyCount "73"]
[EventDate "2013.04.10"]
[WhiteTeam "Solrød Skakklub"]
[BlackTeam "Solrød Skakklub"]
[WhiteTeamCountry "DEN"]
[BlackTeamCountry "DEN"]

1. d4 Nf6 2. c4 e6 3. Nf3 Bb4+ 4. Bd2 Be7 5. e3 b6 6. Be2 Bb7 7. O-O O-O 8. b3
Ne4 9. Bc1 d5 10. Bb2 Nd7 11. cxd5 exd5 12. Nc3 Ndf6 13. Rc1 c5 14. Rc2 Rc8 15.
Qc1 a6 16. Rd1 Qc7 17. h3 Bd6 18. Bd3 Nxc3 19. Rxc3 Ne4 20. Rc2 Qe7 21. Qa1 f5
22. Ne5 f4 23. dxc5 bxc5 24. Bxe4 dxe4 25. Rcd2 Rcd8 26. Nc4 Bc7 27. Rxd8 Bxd8
28. Be5 f3 29. g3 Bc7 30. Bxc7 Qxc7 31. Qe5 Qc8 32. Kh2 Rd8 33. Rxd8+ Qxd8 34.
Qe6+ Kf8 35. Nd6 Bd5 36. Qxd5 Ke7 37. Nf5+ 1/2-1/2

[Event "Køge Bugt Forår 2013"]
[Site "Solrød Skole"]
[Date "2013.04.10"]
[Round "1.5"]
[White "Orup, Kim Amdi"]
[Black "Christensen, Peter"]
[Result "0-1"]
[WhiteElo "1682"]
[BlackElo "1749"]
[PlyCount "128"]
[EventDate "2013.04.10"]
[WhiteTeam "Solrød Skakklub"]
[BlackTeam "Køge Skakklub"]
[WhiteTeamCountry "DEN"]
[BlackTeamCountry "DEN"]

1. f4 d5 2. Nf3 Nf6 3. g3 c6 4. Bg2 Nbd7 5. d3 Qc7 6. O-O e5 7. fxe5 Nxe5 8.
Bf4 Qb6+ 9. d4 Ng6 10. Bc1 Bd6 11. Nc3 O-O 12. e3 Re8 13. Re1 Bg4 14. Qd3 Qc7
15. Kf2 Qd7 16. Ne2 Bf5 17. Qb3 Ne4+ 18. Kg1 Rab8 19. c4 dxc4 20. Qxc4 Nf6 21.
Bd2 Nd5 22. Qc1 Be4 23. Ng5 Bxg2 24. Kxg2 Qg4 25. Nf3 h5 26. h3 Qe6 27. Neg1
Qe4 28. Qb1 Nf6 29. Kh2 h4 30. Qxe4 Bxg3+ 31. Kg2 Nxe4 32. Re2 Nxd2 33. Nxd2
Rbd8 34. Nb3 Rd7 35. Rd1 Rde7 36. Rd3 Rd8 37. Nd2 Rd5 38. Nf1 Bc7 39. Nf3 Nf4+
40. exf4 Rxe2+ 41. Kg1 Bd8 42. Ne3 Rd7 43. Ne5 Rd6 44. N3g4 Rxb2 45. Nc4 Rb1+
46. Kf2 Rd5 47. Nce3 Rd7 48. Ne5 Rd6 49. N3c4 Rf6 50. Rf3 b5 51. Nd2 Rb2 52.
Ke1 Ba5 53. Rd3 Rxa2 54. Kd1 Bxd2 55. Rxd2 Rxd2+ 56. Kxd2 a5 57. Ke3 Rd6 58.
Nd3 f6 59. Ke4 g6 60. Nc5 a4 61. Kd3 Kf7 62. Nb7 Rd5 63. Kc3 g5 64. f5 g4 0-1

[Event "Køge Bugt Forår 2013"]
[Site "Solrød Skole"]
[Date "2013.04.10"]
[Round "1.6"]
[White "Stuhr, Finn"]
[Black "Larsen, Poul M"]
[Result "1/2-1/2"]
[WhiteElo "1724"]
[BlackElo "1626"]
[PlyCount "87"]
[EventDate "2013.04.10"]
[WhiteTeam "Køge Skakklub"]
[BlackTeam "Haslev Skakklub"]
[WhiteTeamCountry "DEN"]
[BlackTeamCountry "DEN"]

1. e4 c6 2. d4 d5 3. e5 g6 4. f4 f5 5. Nf3 Nh6 6. h3 Bg7 7. c4 O-O 8. Bd3 Nf7
9. Qe2 a5 10. b3 Na6 11. a3 Nc7 12. Nc3 Ne6 13. Bb2 Nxf4 14. Qd2 Nxd3+ 15. Qxd3
Nh6 16. Ne2 f4 17. Bc1 Bf5 18. Qc3 e6 19. Nxf4 Qe7 20. Bd2 Be4 21. Rf1 Bxf3 22.
Rxf3 g5 23. Nh5 Rxf3 24. Qxf3 Rf8 25. Qg3 Nf5 26. Qg4 h6 27. Bxa5 Ne3 28. Qe2
Nf5 29. Bb4 Qf7 30. Bxf8 Kxf8 31. Nxg7 Kxg7 32. Qf2 dxc4 33. bxc4 Qd7 34. O-O-O
b5 35. d5 cxd5 36. c5 Qc7 37. g4 Ne7 38. Re1 Qa7 39. Kb2 Ng6 40. Rf1 Nf4 41.
Rd1 Qa4 42. Rd4 Qa7 43. h4 Qxc5 44. Rxf4 1/2-1/2

[Event "Køge Bugt Forår 2013"]
[Site "Solrød Skole"]
[Date "2013.04.10"]
[Round "1.7"]
[White "Wieland, Carsten"]
[Black "Krag-Jacobsen, Alan"]
[Result "1/2-1/2"]
[WhiteElo "1497"]
[BlackElo "1631"]
[PlyCount "69"]
[EventDate "2013.04.10"]
[WhiteTeam "Solrød Skakklub"]
[BlackTeam "Solrød Skakklub"]
[WhiteTeamCountry "DEN"]
[BlackTeamCountry "DEN"]

1. d4 Nf6 2. Nf3 g6 3. Bf4 d6 4. e3 Bg7 5. c4 O-O 6. Nc3 Bg4 7. Be2 Nbd7 8. Qc2
Re8 9. h3 Bxf3 10. Bxf3 Qc8 11. O-O e5 12. dxe5 Nxe5 13. Bxe5 Rxe5 14. Qb3 Rb8
15. Rad1 Re8 16. Nd5 Ne4 17. Bxe4 Rxe4 18. Nc3 Re8 19. Rfe1 Be5 20. Ne4 Qf5 21.
Nd2 Qf6 22. Rb1 Qg7 23. Nf3 Bf6 24. Red1 b6 25. Nd4 a5 26. Rd2 Bg5 27. Qb5 Re5
28. Qd7 Re7 29. Qb5 Re5 30. Qd7 Rc5 31. Qg4 Bf6 32. b3 Re8 33. Nb5 Bd8 34. Qd7
Qf8 35. Rd5 1/2-1/2

[Event "Koge Bugt Foraar 2013"]
[Site "Solrod Skole"]
[Date "2013.04.17"]
[Round "2.1"]
[White "Nielsen, Kai Gylling"]
[Black "Christensen, Verner"]
[Result "1/2-1/2"]
[WhiteElo "1833"]
[BlackElo "1949"]
[PlyCount "73"]
[EventDate "2013.??.??"]
[WhiteTeam "Roskilde Skakklub"]
[BlackTeam "Solrød Skakklub"]

1. Nf3 d5 2. d4 Nf6 3. c4 g6 4. cxd5 Nxd5 5. e4 Nf6 6. Nc3 Bg7 7. Bc4 O-O 8.
O-O Bg4 9. e5 Ne8 10. Be3 Nc6 11. Be2 f5 12. Qb3+ Kh8 13. Ng5 Bxe2 14. Nxe2 Qd7
15. Nf7+ Rxf7 16. Qxf7 Nd8 17. Qc4 e6 18. Rac1 c6 19. b4 Nc7 20. Rfd1 Nd5 21.
Qb3 Bf8 22. a3 Qe7 23. Nf4 Nxf4 24. Bxf4 a6 25. Qg3 Nf7 26. h4 Bh6 27. Bxh6
Nxh6 28. Qg5 Ng8 29. Qxe7 Nxe7 30. a4 Nd5 31. b5 axb5 32. axb5 cxb5 33. Ra1 Rc8
34. Rdc1 Nc3 35. Kf1 b4 36. Rab1 Rc4 37. Rxb4 1/2-1/2

[Event "Koge Bugt Foraar 2013"]
[Site "Solrod Skole"]
[Date "2013.04.17"]
[Round "2.2"]
[White "Hestehauge, Klaus"]
[Black "Krogh, Peter Ove"]
[Result "1/2-1/2"]
[WhiteElo "1965"]
[BlackElo "1864"]
[PlyCount "149"]
[EventDate "2013.??.??"]
[WhiteTeam "Køge Skakklub"]
[BlackTeam "Køge Skakklub"]

1. d4 Nf6 2. Nf3 b6 3. Bf4 d6 4. e3 Bb7 5. Be2 h6 6. h3 Nbd7 7. O-O e6 8. Nbd2
Ne4 9. Nxe4 Bxe4 10. Nd2 Bb7 11. Bf3 Bxf3 12. Qxf3 Be7 13. Rad1 O-O 14. c3 Qe8
15. e4 f6 16. Qg4 f5 17. exf5 exf5 18. Qe2 Qf7 19. Rde1 Bf6 20. Qc4 Qxc4 21.
Nxc4 g5 22. Bd2 Rae8 23. Rxe8 Rxe8 24. Re1 Rxe1+ 25. Bxe1 Kf7 26. Bd2 Ke6 27.
Kf1 b5 28. Na3 c6 29. Ke2 Nb6 30. Nc2 a5 31. b3 d5 32. f3 h5 33. g4 hxg4 34.
hxg4 f4 35. Kd3 Be7 36. Ne1 a4 37. Kc2 Bd6 38. Nd3 axb3+ 39. axb3 Nd7 40. Bc1
Nb8 41. Bd2 Na6 42. b4 Nb8 43. Nc1 Nd7 44. Nb3 Nb6 45. Nc5+ Bxc5 46. bxc5 Nc8
47. Bc1 Ne7 48. Kd3 Kd7 49. Ba3 Ng6 50. Ke2 Kc7 51. Bb4 Kb7 52. Ba5 Nf8 53. Kd3
Ne6 54. Bb6 Ka6 55. Kc2 b4 56. Kb3 Kb5 57. Ba7 Ka6 58. Bb8 bxc3 59. Kxc3 Kb7
60. Be5 Kc8 61. Bf6 Kd7 62. Kd3 Ke8 63. Ke2 Kf7 64. Be5 Kg6 65. Kd3 Nd8 66. Ke2
Ne6 67. Kd3 Kf7 68. Bd6 Ke8 69. Kc3 Kd7 70. Kd3 Nd8 71. Be5 Nf7 72. Bb8 Kc8 73.
Be5 Nxe5+ 74. dxe5 Kd7 75. Kc3 1/2-1/2

[Event "Koge Bugt Foraar 2013"]
[Site "Solrod Skole"]
[Date "2013.04.17"]
[Round "2.3"]
[White "Hald, Morten Hansen"]
[Black "Larsen, Jørgen René"]
[Result "1/2-1/2"]
[WhiteElo "1799"]
[BlackElo "1703"]
[PlyCount "125"]
[EventDate "2013.??.??"]
[WhiteTeam "Køge Skakklub"]
[BlackTeam "Jernbanens Skakklub"]

1. e4 c6 2. d4 d5 3. exd5 Qxd5 4. Nc3 Qd8 5. Be3 Nf6 6. Be2 Bf5 7. Bf3 e6 8. g4
Bg6 9. h4 h5 10. g5 Nd5 11. Nxd5 exd5 12. Ne2 Bd6 13. Nf4 Bxf4 14. Bxf4 Nd7 15.
Bd6 f6 16. Qd2 Nb6 17. Bf4 Qe7+ 18. Kf1 O-O-O 19. b3 Rde8 20. Qa5 Kd8 21. Qxa7
Nc8 22. Qa5+ b6 23. Qc3 Qd7 24. a4 Be4 25. Re1 Bxf3 26. Rxe8+ Rxe8 27. Qxf3 Qf7
28. gxf6 gxf6 29. Rg1 Ne7 30. Bg5 Kc8 31. Qxf6 Qh7 32. Qe6+ Kd8 33. Bxe7+ Qxe7
34. Qxe7+ Kxe7 35. Rg5 Rh8 36. Ke2 Rh6 37. Ke3 Kd6 38. b4 Re6+ 39. Kd3 Rf6 40.
Ke2 Re6+ 41. Kf1 Re4 42. Rxh5 Rxd4 43. Rh6+ Kc7 44. c3 Rc4 45. b5 c5 46. Rc6+
Kb7 47. h5 Rxa4 48. h6 Rh4 49. Rg6 Kc7 50. Kg2 d4 51. cxd4 cxd4 52. Kf3 Rh5 53.
Ke4 Rxb5 54. Kxd4 Rh5 55. Rg7+ Kc6 56. h7 b5 57. f4 Kd6 58. Kc3 Ke6 59. Kb4 Kf6
60. Rb7 Kg6 61. f5+ Kf6 62. Kxb5 Rxf5+ 63. Kc6 1/2-1/2

[Event "Koge Bugt Foraar 2013"]
[Site "Solrod Skole"]
[Date "2013.04.17"]
[Round "2.4"]
[White "Christensen, Peter"]
[Black "Nielsen, Steen"]
[Result "1-0"]
[WhiteElo "1749"]
[BlackElo "1799"]
[PlyCount "49"]
[EventDate "2013.??.??"]
[WhiteTeam "Køge Skakklub"]
[BlackTeam "Solrød Skakklub"]

1. d4 d5 2. c4 e6 3. Nf3 Nf6 4. Bg5 Be7 5. e3 O-O 6. h3 h6 7. Bf4 c5 8. Bd3 Nc6
9. a3 dxc4 10. Bxc4 cxd4 11. exd4 a6 12. O-O b5 13. Bd3 Bb7 14. Nbd2 Nxd4 15.
Be5 Nxf3+ 16. Nxf3 Rc8 17. Bf4 Be4 18. Bxe4 Nxe4 19. Qe2 Nf6 20. Rad1 Qb6 21.
Rd3 Nd5 22. Bc1 Rxc1 23. Rxc1 Re8 24. Qe5 Bf6 25. Rxd5 1-0

[Event "Koge Bugt Foraar 2013"]
[Site "Solrod Skole"]
[Date "2013.04.17"]
[Round "2.5"]
[White "Forsmann, Henning"]
[Black "Stuhr, Finn"]
[Result "1-0"]
[WhiteElo "1747"]
[BlackElo "1724"]
[PlyCount "63"]
[EventDate "2013.??.??"]
[WhiteTeam "Solrød Skakklub"]
[BlackTeam "Køge Skakklub"]

1. b3 Nc6 2. Bb2 b6 3. f4 d6 4. Nf3 Bb7 5. e3 e6 6. Be2 Nf6 7. O-O Ng4 8. Nc3
e5 9. fxe5 Ncxe5 10. Nxe5 Nxe5 11. Qe1 Qg5 12. Qf2 O-O-O 13. Nb5 Kb8 14. Nd4 f6
15. Ne6 Qxg2+ 16. Qxg2 Bxg2 17. Kxg2 Re8 18. Nxf8 Rhxf8 19. a4 g5 20. a5 Ng6
21. axb6 cxb6 22. Rxf6 Rxf6 23. Bxf6 Nf4+ 24. Kf3 Nh3 25. Rf1 h5 26. Kg3 g4 27.
Bxg4 Rg8 28. Kxh3 Rxg4 29. Rf5 Rg6 30. Bh4 Rh6 31. Bg3 Kc7 32. Kh4 1-0

[Event "Koge Bugt Foraar 2013"]
[Site "Solrod Skole"]
[Date "2013.04.17"]
[Round "2.7"]
[White "Sørensen, Aron Frank"]
[Black "Fønss, Knud Åge"]
[Result "1-0"]
[WhiteElo "1679"]
[BlackElo "1315"]
[PlyCount "74"]
[EventDate "2013.??.??"]
[WhiteTeam "Solrød Skakklub"]
[BlackTeam "Præstø Skakklub"]

1. c4 Nf6 2. g3 g6 3. Bg2 Bg7 4. Nc3 O-O 5. e4 d6 6. Nge2 Nc6 7. h3 Be6 8. d3
Qc8 9. g4 a6 10. Be3 Bd7 11. Rb1 Rb8 12. b4 e5 13. b5 axb5 14. cxb5 Ne7 15. O-O
b6 16. Ng3 Be6 17. Qd2 d5 18. exd5 Nfxd5 19. Nxd5 Bxd5 20. Rfc1 Bxg2 21. Kxg2
Qb7+ 22. Kg1 Nd5 23. Bh6 Bxh6 24. Qxh6 Nf4 25. Rc6 f6 26. Ne4 Nd5 27. g5 Rf7
28. Rbc1 Rbf8 29. gxf6 Rd7 30. Qh4 Qb8 31. Qg4 Qd8 32. Qe6+ Kh8 33. Qxe5 Rff7
34. Ng5 Rxf6 35. Rxf6 Nxf6 36. Rc6 Qe8 37. Qxf6+ Kg8 1-0

[Event "Koge Bugt Foraar 2013"]
[Site "Solrod Skole"]
[Date "2013.04.17"]
[Round "2.8"]
[White "Krag-Jacobsen, Alan"]
[Black "Orup, Kim Amdi"]
[Result "1/2-1/2"]
[WhiteElo "1631"]
[BlackElo "1682"]
[PlyCount "141"]
[EventDate "2013.??.??"]
[WhiteTeam "Solrød Skakklub"]
[BlackTeam "Solrød Skakklub"]

1. b3 e5 2. Bb2 Nc6 3. c4 d6 4. e3 Be7 5. d4 Bf6 6. d5 Nce7 7. e4 Ng6 8. g3
N8e7 9. Bg2 Bd7 10. Nd2 O-O 11. Ngf3 c5 12. Qc2 Kh8 13. O-O-O b5 14. h4 Nc8 15.
Bf1 b4 16. Be2 a5 17. Nf1 a4 18. Kd2 axb3 19. axb3 Nb6 20. Ne3 Qc7 21. Ra1 Qb7
22. Rxa8 Rxa8 23. Ra1 h6 24. Rxa8+ Qxa8 25. Qb1 Ne7 26. Qa1 g5 27. hxg5 Qxa1
28. Bxa1 hxg5 29. Nh2 Bg7 30. Bg4 Kh7 31. Be2 Kg6 32. Bg4 f5 33. exf5+ Bxf5 34.
Bxf5+ Nxf5 35. Nxf5 Kxf5 36. Ke3 g4 37. Ke2 Bh6 38. Bb2 e4 39. Ba1 Na8 40. Bb2
Nc7 41. Ba1 Ne8 42. Bb2 Bg7 43. Bc1 Be5 44. Nf1 Nf6 45. Ne3+ Kg6 46. Ng2 Kh5
47. Nf4+ Bxf4 48. Bxf4 Ne8 49. Ke3 Kg6 50. Kxe4 Kf6 51. f3 gxf3 52. Kxf3 Ke7
53. Kg4 Nf6+ 54. Kf5 Ne8 55. g4 Kf7 56. g5 Ng7+ 57. Kg4 Ne8 58. Kh5 Ng7+ 59.
Kh6 Nf5+ 60. Kh7 Ke7 61. g6 Kf6 62. g7 Nxg7 63. Bxd6 Nf5 64. Bxc5 Kf7 65. Bxb4
Nd4 66. Bc3 Nxb3 67. Be5 Ke7 68. Kg6 Na5 69. c5 Nb7 70. d6+ Kd7 71. c6+ 1/2-1/2

[Event "Koge Bugt Foraar 2013"]
[Site "Solrod Skole"]
[Date "2013.04.17"]
[Round "2.9"]
[White "Larsen, Paul M"]
[Black "Wieland, Carsten"]
[Result "1-0"]
[WhiteElo "1626"]
[BlackElo "1497"]
[PlyCount "45"]
[EventDate "2013.??.??"]
[WhiteTeam "Haslev Skakklub"]
[BlackTeam "Solrød Skakklub"]

1. d4 Nf6 2. Nf3 d5 3. e3 Bg4 4. Be2 e6 5. O-O Bd6 6. c4 c6 7. cxd5 exd5 8. Nc3
O-O 9. a3 Qc8 10. b4 b5 11. Bb2 Qc7 12. h3 Bxf3 13. Bxf3 Nbd7 14. Rc1 Rfe8 15.
Nxd5 Nxd5 16. Bxd5 Nb8 17. Qf3 Qd7 18. Bxc6 Nxc6 19. Qxc6 Qxc6 20. Rxc6 Re6 21.
Rfc1 g6 22. Rc8+ Rxc8 23. Rxc8+ 1-0

[Event "Koge Bugt Foraar 2013"]
[Site "Solrod Skole"]
[Date "2013.04.17"]
[Round "2.10"]
[White "Thinggaard, Jørgen"]
[Black "Vinder, Benjamin"]
[Result "1-0"]
[WhiteElo "1437"]
[BlackElo "1104"]
[PlyCount "95"]
[EventDate "2013.??.??"]
[WhiteTeam "Solrød Skakklub"]
[BlackTeam "Sorø Skakklub"]

1. e4 c5 2. Nc3 Nf6 3. Bc4 g6 4. d3 d6 5. h3 Bg7 6. Nf3 Bd7 7. Ng5 e6 8. O-O
Nc6 9. Bf4 Nh5 10. Qf3 Nxf4 11. Qxf4 O-O 12. Nf3 e5 13. Qg3 Qf6 14. Nd5 Qd8 15.
c3 Na5 16. Ne3 Nxc4 17. Nxc4 Be6 18. Ne3 f5 19. exf5 gxf5 20. Nc4 f4 21. Qh2 b5
22. Ncd2 d5 23. h4 Qf6 24. Ng5 Rad8 25. Nxe6 Qxe6 26. g3 Bh6 27. Nf3 fxg3 28.
Qxg3+ Bg7 29. Rae1 Rde8 30. d4 e4 31. Ne5 Qh6 32. Re3 Kh8 33. Nd7 Rg8 34. Kh1
Bxd4 35. Qh3 Bxe3 36. fxe3 Rc8 37. Nf6 Rgf8 38. Ng4 Rxf1+ 39. Qxf1 Qxh4+ 40.
Nh2 Qh5 41. Qf6+ Kg8 42. Qe6+ Kg7 43. Qxc8 Qd1+ 44. Kg2 Qe2+ 45. Kh3 Qxe3+ 46.
Kg4 Qe2+ 47. Kh3 Qf3+ 48. Nxf3 1-0

[Event "Koge Bugt Foraar 2013"]
[Site "Solrod Skole"]
[Date "2013.05.01"]
[Round "3.1"]
[White "Christensen, Verner"]
[Black "Christensen, Peter"]
[Result "1-0"]
[WhiteElo "1949"]
[BlackElo "1749"]
[PlyCount "49"]
[EventDate "2013.??.??"]
[WhiteTeam "Solrød Skakklub"]
[BlackTeam "Køge Skakklub"]

1. e4 c5 2. d4 cxd4 3. c3 dxc3 4. Nxc3 Nc6 5. Bc4 e6 6. Nf3 d6 7. O-O Be7 8.
Qe2 a6 9. Rd1 b5 10. Bb3 Bb7 11. Bf4 Qc7 12. Rac1 Rd8 13. e5 Qb8 14. a3 d5 15.
Rc2 Na5 16. Ba2 Nc4 17. Nd4 Rc8 18. Qg4 g5 19. Bxc4 gxf4 20. Qg7 dxc4 21. Qxh8
Kf8 22. Nf3 Qa8 23. Qxh7 b4 24. axb4 Bxb4 25. Ng5 1-0

[Event "Koge Bugt Foraar 2013"]
[Site "Solrod Skole"]
[Date "2013.05.01"]
[Round "3.2"]
[White "Larsen, Jørgen René"]
[Black "Nielsen, Kai Gylling"]
[Result "1-0"]
[WhiteElo "1703"]
[BlackElo "1833"]
[PlyCount "77"]
[EventDate "2013.??.??"]
[WhiteTeam "Jernbanens Skakklub"]
[BlackTeam "Roskilde Skakklub"]

1. Nf3 d5 2. b3 Nf6 3. Bb2 g6 4. e3 Bg7 5. Be2 O-O 6. O-O Nbd7 7. c4 c6 8. d3
Re8 9. Qc2 e5 10. Nbd2 c5 11. cxd5 Nxd5 12. a3 b6 13. Rfe1 Bb7 14. Rad1 Rc8 15.
Nc4 Qe7 16. Qb1 b5 17. Ncd2 Bh6 18. Nf1 b4 19. Qa1 a5 20. N3d2 Bg7 21. Nc4 Ra8
22. a4 Ra6 23. Nfd2 f5 24. Rc1 f4 25. Bf3 Ba8 26. Bxd5+ Bxd5 27. exf4 Qh4 28.
Nxe5 Nxe5 29. Bxe5 Bxe5 30. Rxe5 Rd8 31. Rce1 Bf7 32. g3 Qh3 33. Qb1 Rad6 34.
R1e3 c4 35. bxc4 Bxc4 36. Nxc4 Rd4 37. Re8+ Rxe8 38. Rxe8+ Kf7 39. Qe1 1-0

[Event "Koge Bugt Foraar 2013"]
[Site "Solrod Skole"]
[Date "2013.05.01"]
[Round "3.3"]
[White "Bayhan, Erkan"]
[Black "Larsen, Paul M"]
[Result "1-0"]
[WhiteElo "1757"]
[BlackElo "1626"]
[PlyCount "115"]
[EventDate "2013.??.??"]
[WhiteTeam "Hvidovre Skakklub"]
[BlackTeam "Haslev Skakklub"]

1. e4 c6 2. d4 d5 3. Nc3 g6 4. Nf3 Bg7 5. e5 f6 6. Bd3 Nh6 7. exf6 exf6 8. O-O
O-O 9. Ne2 Bf5 10. Nf4 Qd7 11. Re1 Re8 12. Be3 Bxd3 13. Nxd3 Na6 14. Qd2 Nf7
15. Bf4 b6 16. c3 Nc7 17. h3 Nd6 18. Bxd6 Qxd6 19. Qf4 Qd7 20. Qh4 Nb5 21. a4
Nd6 22. Nd2 Qf5 23. Qg3 Ne4 24. Nxe4 dxe4 25. Nb4 Qd7 26. Rad1 f5 27. f3 a5 28.
Nc2 Re7 29. fxe4 fxe4 30. Qh4 Rae8 31. Ne3 Re6 32. Rf1 Qe7 33. Qxe7 R8xe7 34.
Rde1 Bh6 35. g4 Bg5 36. Kg2 Bh4 37. Rd1 Bg5 38. Rde1 Bh4 39. Re2 Rf7 40. Nc4
Rxf1 41. Kxf1 Rf6+ 42. Kg2 b5 43. axb5 cxb5 44. Nxa5 Rf3 45. Nb3 Rg3+ 46. Kh2
e3 47. d5 Rf3 48. Nd4 Rf2+ 49. Rxf2 exf2 50. Kg2 Bg5 51. Kxf2 b4 52. Kf3 bxc3
53. bxc3 Bd2 54. c4 Kf7 55. Ke4 Ke7 56. Nb5 g5 57. Kf5 Kd7 58. c5 1-0

[Event "Koge Bugt Foraar 2013"]
[Site "Solrod Skole"]
[Date "2013.05.01"]
[Round "3.4"]
[White "Nielsen, Steen"]
[Black "Trærup, Jørgen"]
[Result "1-0"]
[WhiteElo "1799"]
[BlackElo "1563"]
[PlyCount "87"]
[EventDate "2013.??.??"]
[WhiteTeam "Solrød Skakklub"]
[BlackTeam "Enkeltmedlem 1 HK"]

1. Nf3 Nf6 2. d4 d5 3. c4 e6 4. Nc3 Be7 5. e3 c6 6. Bd3 Bb4 7. O-O Nbd7 8. a3
Be7 9. cxd5 Nxd5 10. Qe2 Bf6 11. e4 Nxc3 12. bxc3 Be7 13. c4 O-O 14. Be3 f6 15.
Rfd1 Qe8 16. c5 Qh5 17. Bc4 Kf7 18. Qa2 Nb8 19. Rab1 Qg4 20. d5 Rd8 21. d6 Bf8
22. e5 Nd7 23. Rd4 Qg6 24. Bd3 f5 25. Nh4 Qh5 26. Be2 Qxe2 27. Qxe2 Nxc5 28.
Qh5+ Kg8 29. Nf3 Bd7 30. Rh4 h6 31. Bxh6 Be8 32. Qg5 Ne4 33. Rxe4 fxe4 34. Rxb7
Rab8 35. Rxg7+ Kh8 36. Nd2 Rd7 37. Rg8+ Kh7 38. Rxf8 Rdb7 39. Qf6 Rb1+ 40. Nf1
Rxf1+ 41. Kxf1 Rb1+ 42. Ke2 Bh5+ 43. Ke3 Re1+ 44. Kf4 1-0

[Event "Koge Bugt Foraar 2013"]
[Site "Solrod Skole"]
[Date "2013.05.01"]
[Round "3.5"]
[White "Stuhr, Finn"]
[Black "Thinggaard, Jørgen"]
[Result "1-0"]
[WhiteElo "1724"]
[BlackElo "1437"]
[PlyCount "63"]
[EventDate "2013.??.??"]
[WhiteTeam "Køge Skakklub"]
[BlackTeam "Solrød Skakklub"]

1. e4 d5 2. e5 e6 3. d4 a6 4. f4 c5 5. c3 Nc6 6. Nf3 cxd4 7. cxd4 Bb4+ 8. Nc3
Nh6 9. Bd3 O-O 10. O-O Nf5 11. Bc2 Ncxd4 12. Nxd4 Bc5 13. Bxf5 exf5 14. Be3 Qb6
15. Rf2 Be6 16. Na4 Qa7 17. Nxc5 Qxc5 18. Nxe6 Qxe3 19. Nxf8 Rxf8 20. Qxd5 b5
21. Rd1 g6 22. Kf1 Qb6 23. Rc2 Kg7 24. Rc6 Qb7 25. Qd6 b4 26. Qf6+ Kg8 27. Rcd6
h6 28. Rd7 Qb5+ 29. Kg1 Qc5+ 30. Kh1 g5 31. Rd8 gxf4 32. Rxf8+ 1-0

[Event "Koge Bugt Foraar 2013"]
[Site "Solrod Skole"]
[Date "2013.05.01"]
[Round "3.6"]
[White "Fønss, Knud Åge"]
[Black "Forsmann, Henning"]
[Result "0-1"]
[WhiteElo "1315"]
[BlackElo "1747"]
[PlyCount "88"]
[EventDate "2013.??.??"]
[WhiteTeam "Præstø Skakklub"]
[BlackTeam "Solrød Skakklub"]

1. d4 Nf6 2. c4 e6 3. Nc3 Bb4 4. Qc2 d5 5. a3 Bxc3+ 6. bxc3 O-O 7. cxd5 exd5 8.
e3 Nbd7 9. Bd3 Nb6 10. Nf3 h6 11. O-O Bd7 12. Re1 Rc8 13. Qb1 c5 14. Bd2 Qc7
15. Rc1 Rfe8 16. c4 dxc4 17. Bxc4 Nxc4 18. Rxc4 b6 19. dxc5 bxc5 20. Qc2 Bb5
21. Rf4 Qe7 22. a4 Bc6 23. Bc3 Nd5 24. Rg4 Nxc3 25. Qxc3 f6 26. Qc4+ Kh7 27.
Nd2 Red8 28. Qc2+ Kh8 29. Rc1 Bd5 30. e4 Be6 31. Rg3 Rd6 32. Rd3 Rb6 33. Rc3
Rbc6 34. Rd3 f5 35. Rc3 f4 36. f3 Qg5 37. Nb3 Bxb3 38. Rxb3 h5 39. Rd1 Rh6 40.
Rd5 Qf6 41. Qc3 Qa6 42. Rd7 Rg6 43. Rbb7 Qe2 44. Rxg7 Qxg2# 0-1

[Event "Koge Bugt Foraar 2013"]
[Site "Solrod Skole"]
[Date "2013.05.01"]
[Round "3.8"]
[White "Orup, Kim Amdi"]
[Black "Vinder, Benjamin"]
[Result "1-0"]
[WhiteElo "1682"]
[BlackElo "1104"]
[PlyCount "55"]
[EventDate "2013.??.??"]
[WhiteTeam "Solrød Skakklub"]
[BlackTeam "Sorø Skakklub"]

1. e4 e5 2. Bc4 Nc6 3. Nc3 Nge7 4. d3 a6 5. Nf3 f6 6. a3 Na5 7. Ba2 b5 8. b4
Nb7 9. O-O c5 10. Nd5 cxb4 11. axb4 Nxd5 12. Bxd5 Bxb4 13. Ba3 Bxa3 14. Rxa3
Qe7 15. Qa1 Qc5 16. Qa2 Rf8 17. Rxa6 Rxa6 18. Qxa6 Nd6 19. Qa2 h6 20. Rc1 b4
21. Nd2 Nb5 22. Qa8 Nc3 23. Kf1 Nxd5 24. exd5 f5 25. Nf3 Qc7 26. Nxe5 Qxe5 27.
Re1 Qxe1+ 28. Kxe1 1-0

[Event "Koge Bugt Foraar 2013"]
[Site "Solrod Skole"]
[Date "2013.05.01"]
[Round "3.7"]
[White "Krogh, Peter Ove"]
[Black "Hald, Morten Hansen"]
[Result "1-0"]
[WhiteElo "1864"]
[BlackElo "1799"]
[PlyCount "139"]
[EventDate "2013.??.??"]
[WhiteTeam "Køge Skakklub"]
[BlackTeam "Køge Skakklub"]

1. c4 Nf6 2. Nc3 e5 3. Nf3 Nc6 4. a3 e4 5. Ng5 Bc5 6. Ngxe4 Nxe4 7. Nxe4 Bd4 8.
e3 Qe7 9. d3 Bb6 10. b4 a6 11. Bb2 O-O 12. c5 Ba7 13. Nc3 Qf6 14. Qc2 Qe6 15.
Rd1 Nd4 16. Qb1 Re8 17. Ne4 Nf5 18. Be2 d5 19. Ng3 Qg6 20. O-O c6 21. Bh5 Qh6
22. Nxf5 Bxf5 23. Bf3 Bb8 24. g3 Qg6 25. Rfe1 Bg4 26. Bxg4 Qxg4 27. e4 Bf4 28.
Kg2 h5 29. f3 Qg5 30. Kf2 Be5 31. Bxe5 Qxe5 32. d4 Qe6 33. Kg2 Qd7 34. e5 Re6
35. Qf5 Rae8 36. Qxh5 Rh6 37. Qg4 Ree6 38. f4 Rxh2+ 39. Kf3 Qe7 40. f5 Reh6 41.
f6 Qf8 42. Qxg7+ Qxg7 43. fxg7 Ra2 44. Rd3 Kxg7 45. Re2 Ra1 46. Rg2 Kg6 47. Kf4
Re1 48. Kf3 Rhh1 49. Re2 Ref1+ 50. Rf2 Rfg1 51. Kg4 Rf1 52. Rxf1 Rxf1 53. Kh3
Kg5 54. Kg2 Rf5 55. Rf3 Kg4 56. Rxf5 Kxf5 57. Kf3 f6 58. g4+ Ke6 59. exf6 Kxf6
60. Kf4 Kg7 61. Ke5 Kg6 62. Kf4 Kf6 63. g5+ Kg6 64. Kg4 Kg7 65. Kf5 Kf7 66. g6+
Kg7 67. Kg5 Kg8 68. Kf6 Kf8 69. g7+ Kg8 70. Kg6 1-0